Chorwackie miasta - nagła śmierć - Statystyki

Ogólne statystyki
  • Ten quiz został rozwiązany 178 razy
  • Średni wynik to 6 z 7
Answers on the Grid
Answers color-coded by a green-red scale on the quiz's grid according to % correct below.
Split
Bolonia
Bratysława
Dubrownik
Zagrzeb
Bilbao
Zadar
Odessa
Makarska
Prisztina
Rijeka
Trnawa
Koper
Osijek
Sieradz
Villah
 
Statystyki odpowiedzi
Odpowiedź % Poprawnych
Split
95%
Zagrzeb
95%
Zadar
87%
Dubrownik
86%
Rijeka
81%
Osijek
77%
Makarska
61%
Nie znaleziono quizów pasujących do podanych kryteriów
Rozkład punktacji
Procent ludzi z każdym wynikiem
Percentyl według liczby udzielonych odpowiedzi
Twoja historia wyników
Nie rozwiązałeś tego quizu